000 00498nam a2200181Ia 4500
008 240925s9999 xx 000 0 und d
020 _a70388350
082 _a621.3815 LOW
100 _aLowenberg ,Edwin C.
245 0 _aSchuams outline Series Theory and Problems of Electronic Circuits
250 _aNA
260 _aNew York:
_bMc Graw HIll
_c,1967.
300 _a383p.
_bNA
_fOriginal
500 _aIncludes Index
600 _aElectronic Engineering
650 _aTechnology
942 _cBK
999 _c8182
_d8182